European journal of applied mathematics
Αποθηκεύτηκε σε:
| Μορφή: | Περιοδική έκδοση |
|---|---|
| Γλώσσα: | English |
| Δημοσίευση: |
New York :
Cambridge,
c1990-
|
| Θέματα: | |
| Ετικέτες: |
Προσθήκη ετικέτας
Δεν υπάρχουν, Καταχωρήστε ετικέτα πρώτοι!
|
MARC
| LEADER | 00000nas a2200000 i 4500 | ||
|---|---|---|---|
| 001 | 1/47048 | ||
| 008 | 040120c19909999us eng | ||
| 022 | |a 09567925 | ||
| 035 | |l 10072009 | ||
| 040 | |a GR-MY-UA |b gre |e aacr | ||
| 041 | 0 | |a eng | |
| 082 | 0 | |a 510.5 | |
| 245 | 1 | 0 | |a European journal of applied mathematics |h [περιοδικό] |
| 246 | 3 | 3 | |a Applied mathematics |
| 260 | |a New York : |b Cambridge, |c c1990- | ||
| 300 | |a τ. : |b σχ. ; |c 25 εκ. | ||
| 310 | |a Τριμηνιαίο, [-1997;] ; Διμηνιαίο, 1997- | ||
| 650 | 0 | 0 | |a Mathematics |x Periodicals. |
| 853 | |a INST |b CHIOS |c SER |h 510.5 | ||
| 901 | |a BIBL2-2004-1 | ||
| 922 | |a 2ΕΛΗ |b 200106 |c ΚΕΝΤΡΙΚΗ ΒΙΒΛΙΟΘΗΚΗ |d SWETS | ||
| 970 | |a ΣΑΛΑΜΟΥΡΑ |b ΜΑΡΙΑ |z 2004/01/21 | ||